| 000 | 004390000a22001810004500 | ||
|---|---|---|---|
| 003 | MACL | ||
| 005 | 20150818162014.0 | ||
| 008 | 150818b xxu||||| |||| 00| 0 eng d | ||
| 040 |
_aMACL _cMACL |
||
| 041 | _aEnglish | ||
| 082 | _a580/KHE | ||
| 100 |
_aKher, M A _96153 |
||
| 245 | _aChrysanthemum In India | ||
| 260 |
_bAssociated Publishing Company _c1988 _aNew Delhi |
||
| 350 | _a120 | ||
| 650 |
_aPlants _95537 |
||
| 942 |
_cBK _k580 _2ddc |
||
| 999 |
_c6429 _d6429 |
||